000
00330 a2200145 4500
001
154709
040
_c
Escola São Tomás de Aquino
100
_a
CHIAVENATO, Júlio José
240
1
0
_a
A revolução de 1930
_l
por
245
1
0
_a
A revolução de 1930
300
_a
39
440
1
_a
Ática
697
_a
HISTÓRIA
942
_c
BK
999
_c
154709
_d
154709